Implementation of FIPS 140-2 Standars Tamper (Evidence/Detection) for FPGA Based Systems / (Record no. 217220)

000 -LEADER
fixed length control field 00847 a2200193 4500
003 - CONTROL NUMBER IDENTIFIER
control field NUST
005 - DATE AND TIME OF LATEST TRANSACTION
control field 20251218164243.0
040 ## - CATALOGING SOURCE
Transcribing agency Nust
082 ## - DEWEY DECIMAL CLASSIFICATION NUMBER
Classification number 621.382,ZIA
100 ## - MAIN ENTRY--PERSONAL NAME
Personal name Zia, Sara (TE-48)
9 (RLIN) 132198
245 ## - TITLE STATEMENT
Title Implementation of FIPS 140-2 Standars Tamper (Evidence/Detection) for FPGA Based Systems /
Statement of responsibility, etc. Sara Zia, Muneeba Sirshar and Zubair Rasheed
260 ## - PUBLICATION, DISTRIBUTION, ETC.
Place of publication, distribution, etc. Rawalpindi
Name of publisher, distributor, etc. MCS (NUST)
Date of publication, distribution, etc. 19-06-2015
300 ## - PHYSICAL DESCRIPTION
Extent ix,34 p.;
505 ## - FORMATTED CONTENTS NOTE
Formatted contents note introduction (Page-1), Literature Review (Page-3), Software Requirement Specification (Page-7), Design and Development (Page-11), Project Analysis and Evaluation (Page-21), Future Work (Page-26), Conclusion (Page-27).
650 ## - SUBJECT ADDED ENTRY--TOPICAL TERM
Topical term or geographic name entry element UG Project
9 (RLIN) 131132
651 ## - SUBJECT ADDED ENTRY--GEOGRAPHIC NAME
Geographic name TE-48
700 ## - ADDED ENTRY--PERSONAL NAME
Personal name Supervised by Asst. Prof. Muhammad Waseem Iqbal; Co Supervised by Dr. Mehreem Afzal
9 (RLIN) 132480
942 ## - ADDED ENTRY ELEMENTS (KOHA)
Koha item type Project Report
Source of classification or shelving scheme
Holdings
Withdrawn status Lost status Source of classification or shelving scheme Damaged status Not for loan Permanent Location Current Location Shelving location Date acquired Full call number Barcode Date last seen Price effective from Koha item type Public note
          Military College of Signals (MCS) Military College of Signals (MCS) Reference 12/12/2016 621.382,ZIA MCSPTC-248 12/08/2016 12/12/2016 Project Report Almirah No. 94, Shelf No. 4
© 2023 Central Library, National University of Sciences and Technology. All Rights Reserved.